000 00882nam a22003017a 4500
003 CHAP
005 20220329135149.0
008 971013c19721966 r 00010 d
010 _a31966
011 _a32938
035 _a37053
040 _cCHAP
082 _a150
_bN4
245 _aNew horizons in psychology
260 _aHarmondsworth, Middlesex :
_bPenguin,
_c1972 (c.1966)
300 _av.
_b; láms.
490 _aA Pelican book
500 _aLa biblioteca tiene : v.1
590 _aBATCH-UPD
_b10
_c20130110
_lUCH01
_h0941
590 _aBATCH-UPD
_b10
_c20130410
_lUCH01
_h0557
590 _aBATCH-UPD
_b10
_c20130914
_lUCH01
_h1944
590 _aCONVERSION
_b10
_c20130109
_lUCH01
_h1318
650 1 4 _aPsicología.
_992597
830 0 _aA Pelican book
_982
901 _aBK
942 _cLIBRO
949 _a150 N4
_bBC
_cLIBRO
_d33724000228219
_eLIBRO
_fV.1
_h38070
_i37053
_si
999 _c31966
_d31966